000 00630nam a22002297a 4500
001 00028727
005 20260408091151.0
008 260408b ag ||||| |||| 00| 0 spa d
020 _a8478386068
040 _aAR-CcCEOS
_bspa
_cAR-CcCEOS
041 _aspa
080 _a7.03
090 _bCLA v.4
100 1 _aClaudio Cifuentes, Juan,
_d1941-2015
_91031
245 _aEl gran jazz :
_bcool, hard-bop y algo más /
_cJuan Claudio Cifuentes
264 _aMadrid :
_bdel Prado,
_cc1995.
300 _a168 p. ;
_c30x21 cm.
490 _vVolumen IV
650 0 _ahistoria
_990
655 0 _aarte
_9138
942 _2udc
_cBK
_n0
999 _c28762
_d28762